The concise guide to global human rights /

Bibliographic Details
Main Author: Fischlin, Daniel
Other Authors: Nandorfy, Martha, 1957-
Format: Book
Language:English
Published: New Delhi : Oxford University Press, 2007.
Subjects:
Classic Catalogue: View this record in Classic Catalogue
LEADER 02259nam a2200325 a 4500
001 0017302
003 BD-DhAAL
008 091222s2007 ii a b 001 0 eng d
010 |a  2007388206 
020 |a 9780195689280 
020 |a 0195689283 
040 |a DLC  |c DLC  |d BD-DhAAL 
082 0 0 |a 323   |2 22 
100 1 |a Fischlin, Daniel.  |9 58558 
245 1 4 |a The concise guide to global human rights /  |c Daniel Fischlin, Martha Nandorfy ; [with a prologue by Vandana Shiva]. 
260 |a New Delhi :  |b Oxford University Press,  |c 2007. 
300 |a xix, 268 p. :  |b ill. ;  |c 25 cm 
500 |a Also published in Canada: Montréal : Black Rose, 2007. 
504 |a Includes bibliographical references (p. [235]-256) and index. 
526 |a SOL  |x Saira Rahman Khan Assistant Professor School of Law BRAC University Course Name : Human Rights (Law 447) 
541 1 |e 00017304  |a Parash Publishers 
650 0 |a Human rights. 
700 1 |a Nandorfy, Martha,  |d 1957-  |9 58559 
852 4 |a Ayesha Abed Library   |c General Stacks 
942 |2 ddc  |c BK 
999 |c 6346  |d 6346 
952 |0 0  |1 0  |2 ddc  |4 0  |6 323_FIS_200700000000000  |7 0  |9 6397  |a BRACUL  |b BRACUL  |c GEN  |d 2009-12-23  |e Parash Publishers  |g 1070.00  |l 1  |m 7  |o 323 FIS  |p 3010017304  |r 2017-12-01  |s 2017-10-02  |t 3  |v 2140.00  |w 2009-12-23  |y BK  |x Requisitioned by Saira Rahman Khan (Assistant Professor) for the course named - "Human Rights (Law 447)" 
952 |0 0  |1 0  |2 ddc  |4 0  |6 323_FIS_200700000000000  |7 0  |9 6398  |a BRACUL  |b BRACUL  |c GEN  |d 2009-12-23  |e Parash Publishers  |g 1070.00  |l 0  |o 323 FIS  |p 3010017305  |r 2009-12-23  |t 4  |v 2140.00  |w 2009-12-23  |y BK  |x Requisitioned by Saira Rahman Khan (Assistant Professor) for the course named - "Human Rights (Law 447)" 
952 |0 0  |1 0  |2 ddc  |4 0  |6 323_FIS_200700000000000  |7 0  |9 6400  |a BRACUL  |b BRACUL  |c GEN  |d 2009-12-23  |e Parash Publishers  |g 1070.00  |l 1  |m 1  |o 323 FIS  |p 3010017303  |r 2013-06-30  |s 2013-06-18  |t 2  |v 2140.00  |w 2009-12-23  |y BK  |x Requisitioned by Saira Rahman Khan (Assistant Professor) for the course named - "Human Rights (Law 447)" 
952 |0 0  |1 0  |2 ddc  |4 0  |6 323_FIS_200700000000000  |7 0  |9 8226  |a BRACUL  |b BRACUL  |c GEN  |d 2010-02-17  |e Parash Publishers  |g 1070.00  |l 2  |m 1  |o 323 FIS  |p 3010017302  |r 2016-06-13  |s 2016-06-08  |t 1  |w 2010-02-17  |y BK  |x Requisitioned by Saira Rahman Khan (Assistant Professor) for the course named - "Human Rights (Law 447)"